| 000 | 00424nam a2200181Ia 4500 | ||
|---|---|---|---|
| 001 | 9714 | ||
| 005 | 20260306161738.0 | ||
| 008 | 260306t2016||||xx |||||||||||||| ||spa|| | ||
| 041 | _aESP | ||
| 082 |
_a401.9 _bC95 |
||
| 100 |
_aCuetos Vega, Fernando _eAUT |
||
| 245 | 0 | _aPsicologĂa del lenguaje | |
| 260 | _c2016 | ||
| 300 |
_aix, 369 páginas : _c24 cm. |
||
| 650 | _aGEN | ||
| 654 | _aCHU | ||
| 942 |
_cLIB _dJUS _fJUS _2ddc _n |
||
| 999 |
_c9714 _d9714 |
||